000 00857nam a2200229 i 4500
001 C2-0227017
003 PPAK
005 20180728154611.0
008 000709s xx a|||| ||||| | zxx d
040 _aPPAK
_beng
_cPPAK
_erda
082 0 4 _a959.5112
_223
090 0 0 _a959.5112
_bLAW
_dKK
245 0 0 _aKetaran akhbar Straits Echo Pulau Pinang dan rencana dari majalah Mastika :
_bmengenai lawatan dan kajiselidik Persatuan Sejarah Kedah ke Pulau Adang pada 19 dan 20/2/1958
264 1 _a[place of publication not identified] :
_b[publisher not identified] ,
_c[date of publication not identified]
300 _a12 pages :
_billustrations ;
_c32 cm
336 _2rdacontent
_atext
337 _2rdamedia
_aunmediated
338 _2rdacarrier
_avolume
500 _aMajalah Mastika
700 0 _aWan Shamsudin Mohd Yusof,
_ecompile
942 _ddc
_cB
999 _c147211
_d147211